| 000 | 00707nam a2200181Ia 4500 | ||
|---|---|---|---|
| 008 | 100920s9999 xx 000 0 und d | ||
| 082 |
_b83365 _a375 न 02 |
||
| 100 | _aमराठे रमा. | ||
| 245 | _aअसे घडवा मुलांचे व्यक्तमित्व. | ||
| 260 |
_bमेहता पब्लिशिंग हाऊस, पुणे 30. _c2002 |
||
| 300 |
_a168 _bसाधी |
||
| 365 | _b120 | ||
| 520 | _aशालो. | ||
| 630 | _aअसे घडवा मुलांचे व्यक्तमित्व. | ||
| 650 | _aशालो. | ||
| 730 | _aअसे घडवा मुलांचे व्यक्तमित्व. | ||
| 942 | _cBOOK | ||
| 999 |
_c723999 _d723996 |
||